[Event "DLM 2007"]
[Site "Verden/Aller GER"]
[Date "2007.09.29"]
[Round "1"]
[White "Hirneise, Tobias"]
[Black "Siebarth, Raiko"]
[Result "1-0"]
[Termination "normal"]
[Board "1.1"]
[WhiteElo "2293"]
[BlackElo "2182"]
[WhiteTeam "Württemberg"]
[BlackTeam "Thüringen"]
[PlyCount "77"]
[WhiteFideId "24600881"]
[BlackFideId "4674766"]
[EventCountry "GER"]
[EventRounds "7"]
[EventType "team-swiss"]
[EventDate "2007.09.28"]

1. e4 c5 2. Nf3 d6 3. d4 cxd4 4. Nxd4 Nf6 5. Nc3 a6 6. Be3 e5 7. Nb3 Be6 8. f3
h5 9. Nd5 Bxd5 10. exd5 Nbd7 11. c4 b6 12. Be2 g6 13. Qd2 Bg7 14. O-O a5 15.
Rab1 O-O 16. Na1 Nh7 17. Nc2 f5 18. Na3 f4 19. Bf2 Nc5 20. Bd3 Qg5 21. Nb5 Qf6
22. Qc2 Kf7 23. b3 Rfc8 24. a3 Nf8 25. b4 axb4 26. axb4 Ncd7 27. Be4 g5 28. Ra1
g4 29. Na7 Re8 30. Ra2 Qg5 31. Nb5 Qe7 32. c5 bxc5 33. bxc5 Rxa2 34. Qxa2 Kg8
35. Nxd6 Rd8 36. Nb7 Re8 37. d6+ Qf7 38. Bd5 Ne6 39. Nd8 1-0

[Event "DLM 2007"]
[Site "Verden/Aller GER"]
[Date "2007.09.29"]
[Round "1"]
[White "Schneider, Christian"]
[Black "Strunski, Andreas"]
[Result "0-1"]
[Termination "normal"]
[Board "1.2"]
[WhiteElo "2081"]
[BlackElo "2203"]
[WhiteTeam "Thüringen"]
[BlackTeam "Württemberg"]
[PlyCount "100"]
[WhiteFideId "24613886"]
[BlackFideId "24606073"]
[EventCountry "GER"]
[EventRounds "7"]
[EventType "team-swiss"]
[EventDate "2007.09.28"]

1. e4 c5 2. Nc3 Nc6 3. f4 e6 4. Nf3 d5 5. d3 Nge7 6. g3 dxe4 7. Nxe4 Nd5 8. Bg2
Be7 9. O-O O-O 10. Ne5 Nd4 11. c3 Nf5 12. Qe2 Qc7 13. Nf3 Rd8 14. g4 Nd6 15.
Nfg5 h6 16. Nh3 Bd7 17. Nxd6 Bxd6 18. g5 hxg5 19. Nxg5 Nf6 20. Ne4 Be7 21.
Nxf6+ Bxf6 22. Be4 g6 23. Be3 Bb5 24. Rad1 Rac8 25. Qg2 Bc6 26. Bxc6 Qxc6 27.
Qxc6 Rxc6 28. Kf2 Rd5 29. Ke2 b6 30. Kd2 Rcd6 31. Kc2 Rh5 32. Rf2 Rh3 33. Re2
Rd5 34. Bg1 Kg7 35. Re3 Rh4 36. Rf3 Rg4 37. Bf2 Rg2 38. h3 Rh2 39. Kb3 b5 40.
d4 c4+ 41. Kc2 a6 42. Kb1 Rh5 43. h4 Kf8 44. a4 bxa4 45. Bg3 Rg2 46. Bf2 Bxh4
47. Bxh4 Rxh4 48. Ka2 Rh5 49. Ka3 Rb5 50. Rb1 Ke7 0-1

[Event "DLM 2007"]
[Site "Verden/Aller GER"]
[Date "2007.09.29"]
[Round "1"]
[White "Hirneise, Jens"]
[Black "Wendling, Hannes"]
[Result "1/2-1/2"]
[Termination "normal"]
[Board "1.3"]
[WhiteElo "2090"]
[BlackElo "2137"]
[WhiteTeam "Württemberg"]
[BlackTeam "Thüringen"]
[PlyCount "86"]
[WhiteFideId "24614734"]
[BlackFideId "24624284"]
[EventCountry "GER"]
[EventRounds "7"]
[EventType "team-swiss"]
[EventDate "2007.09.28"]

1. e4 c5 2. Nf3 d6 3. d4 cxd4 4. Nxd4 Nf6 5. Nc3 a6 6. Be3 e5 7. Nb3 Be6 8. f3
Be7 9. Qd2 Nbd7 10. g4 Qc7 11. O-O-O O-O 12. Kb1 b5 13. g5 Nh5 14. Nd5 Bxd5 15.
exd5 Nb6 16. Rg1 Rfc8 17. Na5 Nxd5 18. Qxd5 Qxa5 19. Bh3 Re8 20. g6 hxg6 21.
Be6 fxe6 22. Qxe6+ Kf8 23. Qxg6 Qc7 24. Qxh5 Bf6 25. Bg5 Rac8 26. Qh7 Re6 27.
Bxf6 Rxf6 28. Qh8+ Ke7 29. Rxg7+ Rf7 30. Rxf7+ Kxf7 31. Qh7+ Ke6 32. Qg6+ Kd7
33. h4 Kc6 34. Rd3 b4 35. c3 a5 36. Qe6 Rh8 37. cxb4 axb4 38. Qd5+ Kd7 39. h5
Rc8 40. Qf7+ Kd8 41. Qxc7+ Kxc7 42. Rd1 Rf8 43. Rf1 Rf5 1/2-1/2

[Event "DLM 2007"]
[Site "Verden/Aller GER"]
[Date "2007.09.29"]
[Round "1"]
[White "Hannes, Diana"]
[Black "Zikeli, Saskia"]
[Result "1-0"]
[Termination "normal"]
[Board "1.4"]
[WhiteElo "2036"]
[BlackElo "2091"]
[WhiteTeam "Thüringen"]
[BlackTeam "Württemberg"]
[PlyCount "61"]
[WhiteFideId "24611344"]
[BlackFideId "24601543"]
[EventCountry "GER"]
[EventRounds "7"]
[EventType "team-swiss"]
[EventDate "2007.09.28"]

1. e4 c5 2. Nf3 d6 3. d4 cxd4 4. Nxd4 Nf6 5. Nc3 a6 6. Be3 e5 7. Nb3 Be6 8. f3
Be7 9. Qd2 O-O 10. O-O-O Nbd7 11. g4 b5 12. g5 b4 13. Nd5 Nxd5 14. exd5 Bf5 15.
h4 a5 16. Kb1 a4 17. Nc1 Qa5 18. Bh3 Bxh3 19. Rxh3 Nb6 20. Bxb6 Qxb6 21. f4
exf4 22. Qxf4 Rac8 23. Qf5 Rc7 24. Rf3 f6 25. Ne2 Qb8 26. g6 h6 27. Nd4 Re8 28.
Qe6+ Kh8 29. Re3 Qc8 30. Rde1 Qxe6 31. Rxe6 1-0

[Event "DLM 2007"]
[Site "Verden/Aller GER"]
[Date "2007.09.29"]
[Round "1"]
[White "Braun, Georg"]
[Black "Tischer, Jana"]
[Result "1/2-1/2"]
[Termination "normal"]
[Board "1.5"]
[WhiteElo "1887"]
[BlackElo "1863"]
[WhiteTeam "Württemberg"]
[BlackTeam "Thüringen"]
[PlyCount "102"]
[WhiteFideId "24629383"]
[BlackFideId "24617164"]
[EventCountry "GER"]
[EventRounds "7"]
[EventType "team-swiss"]
[EventDate "2007.09.28"]

1. e4 c5 2. Nf3 Nc6 3. d4 cxd4 4. Nxd4 g6 5. c4 Bg7 6. Be3 Nf6 7. Nc3 O-O 8.
Be2 d6 9. O-O Bd7 10. Nc2 a5 11. f3 Ne5 12. Qd2 Qc7 13. b3 Rfc8 14. a4 Qd8 15.
Bf2 Be8 16. Ne3 Nfd7 17. Ned5 Nc5 18. Rab1 Bc6 19. Bh4 f6 20. f4 Ned7 21. Bf3
Nb6 22. e5 Kh8 23. exf6 exf6 24. Qd4 Nxd5 25. Nxd5 Bxd5 26. Qxd5 Qb6 27. Bf2
Qc6 28. Qf7 Qc7 29. Qd5 Qc6 30. Qd4 Qc7 31. Rfd1 Rd8 32. Qd5 f5 33. Bd4 Bxd4+
34. Qxd4+ Qg7 35. Qd5 Qc3 36. Qf7 Qg7 37. Qd5 Qc3 38. Qd4+ Qxd4+ 39. Rxd4 Ra6
40. Kf2 Rb6 41. Bd1 Nxa4 42. Ra1 Nc5 43. Rxa5 Nxb3 44. Bxb3 Rxb3 45. Rad5 Rb4
46. Kf3 Kg8 47. Rxd6 Rxd6 48. Rxd6 Rxc4 49. Rd8+ Kg7 50. Rd7+ Kh6 51. Rxb7 Rc3+
1/2-1/2

[Event "DLM 2007"]
[Site "Verden/Aller GER"]
[Date "2007.09.29"]
[Round "1"]
[White "Pältz, Sebastian"]
[Black "Mijatovic, Andrea"]
[Result "1/2-1/2"]
[Termination "normal"]
[Board "1.6"]
[WhiteElo "1798"]
[BlackElo "1844"]
[WhiteTeam "Thüringen"]
[BlackTeam "Württemberg"]
[PlyCount "89"]
[WhiteFideId "24648027"]
[BlackFideId "14514524"]
[EventCountry "GER"]
[EventRounds "7"]
[EventType "team-swiss"]
[EventDate "2007.09.28"]

1. e4 c5 2. c3 d5 3. exd5 Qxd5 4. d4 Nc6 5. Nf3 Bg4 6. Be2 e6 7. h3 Bh5 8. Be3
Nf6 9. Nbd2 cxd4 10. Bxd4 Be7 11. Bc4 Qd7 12. Bb5 O-O 13. O-O Qc7 14. Bxf6 Bxf6
15. Ne4 Be7 16. Ng3 Bg6 17. Qe2 Rfd8 18. Rfd1 Bc5 19. Ne4 Bxe4 20. Qxe4 Bxf2+
21. Kxf2 Qb6+ 22. Qe3 Qxb5 23. b3 Qc5 24. Rac1 Rd5 25. Rxd5 Qxd5 26. Rc2 Rd8
27. Rd2 Qa5 28. Rxd8+ Qxd8 29. Ke2 Kf8 30. Qf2 Qa5 31. Kd3 Qf5+ 32. Kd2 Qf4+
33. Kc2 b6 34. Qe2 Ne7 35. Qd1 Nd5 36. Kb2 Ke7 37. Qe1 Qe3 38. Qh4+ Nf6 39.
Qb4+ Qc5 40. Qh4 Kd7 41. Qe1 Ke7 42. Nd4 a5 43. a4 h6 44. Qe2 Qd5 45. Nf3
1/2-1/2

[Event "DLM 2007"]
[Site "Verden/Aller GER"]
[Date "2007.09.29"]
[Round "1"]
[White "Marquardt, Patrick"]
[Black "Urban, Lars"]
[Result "1-0"]
[Termination "normal"]
[Board "1.7"]
[WhiteElo "1768"]
[BlackElo "1467"]
[WhiteTeam "Württemberg"]
[BlackTeam "Thüringen"]
[PlyCount "103"]
[WhiteFideId "4670086"]
[BlackFideId "4644034"]
[EventCountry "GER"]
[EventRounds "7"]
[EventType "team-swiss"]
[EventDate "2007.09.28"]

1. e4 e6 2. d4 d5 3. e5 c5 4. c3 Nc6 5. Nf3 Bd7 6. Bd3 Qb6 7. O-O cxd4 8. cxd4
Nxd4 9. Nxd4 Qxd4 10. Qe2 Ne7 11. Kh1 Nc6 12. f4 Nb4 13. Bb5 a6 14. Bxd7+ Kxd7
15. Nc3 Qd3 16. Rd1 Qxe2 17. Nxe2 Rc8 18. Nc3 b5 19. a3 Nc6 20. Be3 Na5 21. Bg1
Nc4 22. b4 Be7 23. Ne4 Rc6 24. Bc5 Rhc8 25. Bxe7 Kxe7 26. Nc5 a5 27. Nb3 a4 28.
Nd4 Rb6 29. Rac1 Kd7 30. Rc3 Kc7 31. g4 Kd7 32. Rf1 Nd2 33. Rxc8 Kxc8 34. Rc1+
Nc4 35. Rc3 Kb7 36. g5 Ka6 37. Rh3 Rb7 38. Nc2 Rc7 39. Rxh7 Nxa3 40. Nxa3 Rc3
41. Rxg7 Rxa3 42. Rxf7 Rc3 43. Rf8 a3 44. Ra8+ Kb7 45. g6 Rc7 46. Rxa3 Rg7 47.
Rg3 Kc6 48. h4 d4 49. h5 Kd7 50. h6 Rg8 51. g7 Ke7 52. h7 1-0

[Event "DLM 2007"]
[Site "Verden/Aller GER"]
[Date "2007.09.29"]
[Round "1"]
[White "Schätz, Bianca"]
[Black "Schäfer, Daniela"]
[Result "0-1"]
[Termination "normal"]
[Board "1.8"]
[WhiteElo "1108"]
[BlackElo "1569"]
[WhiteTeam "Thüringen"]
[BlackTeam "Württemberg"]
[PlyCount "80"]
[WhiteFideId "24655821"]
[BlackFideId "4624769"]
[EventCountry "GER"]
[EventRounds "7"]
[EventType "team-swiss"]
[EventDate "2007.09.28"]

1. e4 g6 2. d4 Bg7 3. Nf3 d6 4. Nc3 Nf6 5. Be3 O-O 6. Bd3 Nbd7 7. h3 e5 8. dxe5
Nxe5 9. Nxe5 dxe5 10. Qd2 Be6 11. O-O Qe7 12. a3 Rfd8 13. Qe2 Rd7 14. Bg5 Rad8
15. Kh1 h6 16. Be3 Nh5 17. Qf3 Qh4 18. g4 Nf4 19. Bxf4 exf4 20. Kh2 Be5 21.
Rab1 h5 22. gxh5 Bxh3 23. Kg1 Bxf1 24. Kxf1 Qxh5 25. Qxh5 gxh5 26. Kg2 Kf8 27.
Kf3 Kg7 28. Nd5 Rd6 29. Nc3 c6 30. Rh1 Kh6 31. Ke2 Bd4 32. Kf3 Rg8 33. Rh2 b5
34. Nd1 Rg1 35. Nc3 a5 36. Rh4 Rg4 37. Rxg4 hxg4+ 38. Kxg4 Bxf2 39. Kxf4 Rf6+
40. Ke5 Kg5 0-1

[Event "DLM 2007"]
[Site "Verden/Aller GER"]
[Date "2007.09.29"]
[Round "1"]
[White "Bracker, Frank"]
[Black "Hoffmann, Udo"]
[Result "0-1"]
[Termination "normal"]
[Board "2.1"]
[WhiteElo "2198"]
[BlackElo "2218"]
[WhiteTeam "Hamburg"]
[BlackTeam "Nordrhein-Westfalen"]
[PlyCount "70"]
[WhiteFideId "24614343"]
[BlackFideId "24605735"]
[EventCountry "GER"]
[EventRounds "7"]
[EventType "team-swiss"]
[EventDate "2007.09.28"]

1. e4 c5 2. Nf3 e6 3. d4 cxd4 4. Nxd4 a6 5. Bd3 Ne7 6. O-O Nbc6 7. Nb3 b5 8. a4
b4 9. Be3 Ng6 10. f4 Be7 11. N1d2 Rb8 12. a5 O-O 13. Kh1 d6 14. Qe2 Bf6 15. Ra2
Ra8 16. Nc4 Bb7 17. Nb6 Ra7 18. Qf2 Bh4 19. Qg1 Re8 20. Raa1 Be7 21. Nd5 Ra8
22. Bb6 Qc8 23. Nc7 Rf8 24. Nxa8 Qxa8 25. Nd2 Nb8 26. Rae1 Nd7 27. Bd4 Nh4 28.
Nf3 Ng6 29. Ng5 e5 30. Bf2 Nxf4 31. Nf3 d5 32. Nd2 dxe4 33. Bxe4 Bxe4 34. Nxe4
f5 35. Ng3 Nh3 0-1

[Event "DLM 2007"]
[Site "Verden/Aller GER"]
[Date "2007.09.29"]
[Round "1"]
[White "Rehberg, Raphael"]
[Black "Möller, Hendrik"]
[Result "1-0"]
[Termination "normal"]
[Board "2.2"]
[WhiteElo "2237"]
[BlackElo "2175"]
[WhiteTeam "Nordrhein-Westfalen"]
[BlackTeam "Hamburg"]
[PlyCount "109"]
[WhiteFideId "4686799"]
[BlackFideId "24604917"]
[EventCountry "GER"]
[EventRounds "7"]
[EventType "team-swiss"]
[EventDate "2007.09.28"]

1. e4 e5 2. Nf3 Nc6 3. Bc4 Bc5 4. d3 Nf6 5. O-O d6 6. c3 O-O 7. Bb3 a6 8. Nbd2
Ba7 9. h3 h6 10. Re1 Ne7 11. Nf1 Ng6 12. N3h2 c6 13. g4 Nh7 14. Qf3 Ng5 15. Qg3
Qf6 16. Be3 Nf4 17. h4 Ngh3+ 18. Kh1 h5 19. g5 Qg6 20. Bxa7 Rxa7 21. Rad1 b5
22. Rd2 Re7 23. f3 Kh8 24. d4 exd4 25. Rxd4 Rfe8 26. Bc2 Qe6 27. Bb3 Qe5 28.
Ne3 Nd3 29. Qxe5 Nhf2+ 30. Kg2 dxe5 31. Rd6 Rd7 32. Rxd7 Bxd7 33. Re2 Nh3 34.
Rd2 Nhf4+ 35. Kg3 Be6 36. Bxe6 fxe6 37. Ng2 c5 38. Nf1 c4 39. Nxf4 exf4+ 40.
Kg2 Kg8 41. b3 Rc8 42. bxc4 bxc4 43. Rd1 Rb8 44. Nd2 Rb2 45. Kf1 Ne5 46. Ke2
Rxa2 47. Rb1 Rc2 48. Rb6 Kf7 49. Rb7+ Kf8 50. Rb8+ Ke7 51. Rb7+ Nd7 52. Rc7
Rxc3 53. Nxc4 g6 54. Kd2 Rb3 55. Ra7 {... später ...} 1-0

[Event "DLM 2007"]
[Site "Verden/Aller GER"]
[Date "2007.09.29"]
[Round "1"]
[White "Chin, Karin"]
[Black "Tkachuk, Konstantyn"]
[Result "0-1"]
[Termination "normal"]
[Board "2.3"]
[WhiteElo "2053"]
[BlackElo "2141"]
[WhiteTeam "Hamburg"]
[BlackTeam "Nordrhein-Westfalen"]
[PlyCount "84"]
[WhiteFideId "24608157"]
[BlackFideId "24647330"]
[EventCountry "GER"]
[EventRounds "7"]
[EventType "team-swiss"]
[EventDate "2007.09.28"]

1. e4 c5 2. Nf3 d6 3. d4 cxd4 4. Nxd4 Nf6 5. Nc3 g6 6. Be3 Bg7 7. f3 O-O 8. Qd2
Nc6 9. Bc4 Bd7 10. O-O-O Rc8 11. Bb3 Ne5 12. Bg5 Nc4 13. Bxc4 Rxc4 14. Nb3 Be6
15. e5 Ne8 16. exd6 Nxd6 17. Nb5 Qc8 18. Nxd6 exd6 19. Kb1 a5 20. Be3 a4 21.
Nd4 Bd7 22. h4 a3 23. b3 Rc3 24. Bh6 Be5 25. h5 Re8 26. g4 Qc7 27. hxg6 fxg6
28. Rhe1 Qc5 29. Ne2 Rxf3 30. Rf1 Bxg4 31. Rxf3 Bxf3 32. Rf1 Bxe2 33. Qxe2 Qd4
34. Kc1 Qb2+ 35. Kd2 Bf4+ 36. Rxf4 Rxe2+ 37. Kxe2 Qxc2+ 38. Kf1 Qd3+ 39. Ke1
Qe3+ 40. Kd1 Qg1+ 41. Kc2 Qh2+ 42. Kc3 Qxh6 0-1

[Event "DLM 2007"]
[Site "Verden/Aller GER"]
[Date "2007.09.29"]
[Round "1"]
[White "Kotainy, Jens"]
[Black "Moshtael, Wesal"]
[Result "1/2-1/2"]
[Termination "normal"]
[Board "2.4"]
[WhiteElo "2032"]
[BlackElo "2113"]
[WhiteTeam "Nordrhein-Westfalen"]
[BlackTeam "Hamburg"]
[PlyCount "70"]
[WhiteFideId "24670499"]
[BlackFideId "24618551"]
[EventCountry "GER"]
[EventRounds "7"]
[EventType "team-swiss"]
[EventDate "2007.09.28"]

1. e4 c5 2. c3 Nf6 3. e5 Nd5 4. d4 cxd4 5. Nf3 e6 6. cxd4 d6 7. exd6 Bxd6 8.
Nc3 Nxc3 9. bxc3 Qc7 10. Bd2 O-O 11. Bd3 Nd7 12. O-O b6 13. Re1 Bb7 14. h3 Rfe8
15. Qc2 Bxf3 16. gxf3 g6 17. Qb3 Bf4 18. Bxf4 Qxf4 19. Bb5 Red8 20. Rad1 Nf6
21. Bc4 Nd5 22. Re5 Qxf3 23. Rd3 Qf4 24. Bxd5 exd5 25. Rde3 Rd6 26. Rxd5 Rf6
27. Qc2 Rc8 28. Rde5 Kg7 29. Qd2 Rc4 30. Qe2 Rc7 31. Kg2 Rfc6 32. Qb2 Rf6 33.
Qe2 Rfc6 34. Qb2 Rf6 35. Qe2 Rfc6 1/2-1/2

[Event "DLM 2007"]
[Site "Verden/Aller GER"]
[Date "2007.09.29"]
[Round "1"]
[White "Smolkina, Milana"]
[Black "Blübaum, Johanna"]
[Result "1/2-1/2"]
[Termination "normal"]
[Board "2.5"]
[WhiteElo "1885"]
[BlackElo "1946"]
[WhiteTeam "Hamburg"]
[BlackTeam "Nordrhein-Westfalen"]
[PlyCount "94"]
[WhiteFideId "24618780"]
[BlackFideId "24647373"]
[EventCountry "GER"]
[EventRounds "7"]
[EventType "team-swiss"]
[EventDate "2007.09.28"]

1. e4 e6 2. d4 d5 3. e5 c5 4. c3 Nc6 5. Nf3 Bd7 6. Be2 Qb6 7. a3 c4 8. Nbd2 Na5
9. O-O Ne7 10. Qe1 Ba4 11. Bd1 Nb3 12. Bxb3 Bxb3 13. Nxb3 Qxb3 14. Qd1 Qxd1 15.
Rxd1 Nc6 16. Bg5 h6 17. Bh4 g5 18. Bg3 Be7 19. h4 Na5 20. hxg5 Nb3 21. Rab1
Bxg5 22. Bh4 Bxh4 23. Nxh4 Ke7 24. Nf3 Rag8 25. Nd2 Nxd2 26. Rxd2 Rg5 27. b3
cxb3 28. Rxb3 b6 29. a4 Rhg8 30. f3 Kd7 31. a5 Kc6 32. axb6 axb6 33. Ra3 Rg3
34. Kh2 Kb7 35. Rb2 R3g7 36. Rab3 Kc7 37. Rb5 Rg6 38. f4 Rg3 39. f5 h5 40. R5b3
exf5 41. Rb5 R8g6 42. Rxd5 Rxc3 43. Rdb5 Re3 44. Rf2 Kc6 45. Rfb2 Kc7 46. Rf2
Kc6 47. Rfb2 Kc7 1/2-1/2

[Event "DLM 2007"]
[Site "Verden/Aller GER"]
[Date "2007.09.29"]
[Round "1"]
[White "Neumair, Jerome"]
[Black "Müller, Tobias"]
[Result "0-1"]
[Termination "normal"]
[Board "2.6"]
[WhiteElo "1909"]
[BlackElo "1585"]
[WhiteTeam "Nordrhein-Westfalen"]
[BlackTeam "Hamburg"]
[PlyCount "108"]
[WhiteFideId "24672637"]
[BlackFideId "24643394"]
[EventCountry "GER"]
[EventRounds "7"]
[EventType "team-swiss"]
[EventDate "2007.09.28"]

1. c4 e5 2. Nc3 Nf6 3. Nf3 Nc6 4. g3 d5 5. cxd5 Nxd5 6. Bg2 Be6 7. d3 Be7 8.
Bd2 O-O 9. O-O f5 10. Nxd5 Bxd5 11. Bc3 Bf6 12. Qc2 Nd4 13. Bxd4 exd4 14. Nd2
Bxg2 15. Kxg2 Qd5+ 16. Kg1 c6 17. Qb3 Rf7 18. Qxd5 cxd5 19. Rac1 Re8 20. Rfe1
Bg5 21. f4 Bf6 22. Nf3 b6 23. Kf2 Rfe7 24. Rc6 Re6 25. Rxe6 Rxe6 26. Rc1 Kf7
27. Ke1 h6 28. h4 Re7 29. b4 Ke6 30. b5 Kd7 31. Kd2 Re8 32. Rb1 Kd6 33. Rc1 Kd7
34. Rc2 Rc8 35. Rxc8 Kxc8 36. Kc2 Kd7 37. Kb3 Ke6 38. h5 Kf7 39. Kc2 g6 40. Kd2
gxh5 41. e3 Kg6 42. exd4 h4 43. gxh4 Kh5 44. Ne5 Kxh4 45. Ke2 Kg3 46. Nf7 h5
47. Nd6 Kxf4 48. Nc8 h4 49. Kf2 Bxd4+ 50. Kg2 Bc5 51. Nxa7 Ke3 52. Nc6 f4 53.
a4 f3+ 54. Kf1 h3 0-1

[Event "DLM 2007"]
[Site "Verden/Aller GER"]
[Date "2007.09.29"]
[Round "1"]
[White "Pfeiffer, Daniel"]
[Black "Strößner, Lena"]
[Result "0-1"]
[Termination "normal"]
[Board "2.7"]
[WhiteElo "1726"]
[BlackElo "1744"]
[WhiteTeam "Hamburg"]
[BlackTeam "Nordrhein-Westfalen"]
[PlyCount "88"]
[WhiteFideId "24641960"]
[BlackFideId "4623525"]
[EventCountry "GER"]
[EventRounds "7"]
[EventType "team-swiss"]
[EventDate "2007.09.28"]

1. e4 e6 2. d4 d5 3. Nc3 Bb4 4. e5 c5 5. Bd2 cxd4 6. Nb5 Bc5 7. Qg4 Ne7 8. b4
a6 9. bxc5 axb5 10. Qxd4 Bd7 11. f4 Qc7 12. Bd3 Na6 13. Be3 Rc8 14. Rb1 Nxc5
15. Bxb5 Bxb5 16. Rxb5 Ne4 17. Rb2 O-O 18. Ne2 Nf5 19. Qd3 Qc4 20. Bd4 Nxd4 21.
Qxd4 Qxd4 22. Nxd4 Rc4 23. Nf3 Rfc8 24. O-O Rxc2 25. Rxc2 Rxc2 26. Ra1 h6 27.
a4 Nc3 28. g3 Ra2 29. Rxa2 Nxa2 30. Nd4 Nc3 31. a5 Kf8 32. Kf2 g6 33. Ke3 Ke7
34. Nc2 Kd7 35. Kd4 Ne4 36. Nb4 Nd2 37. h3 Nb3+ 38. Kc3 Nxa5 39. Nd3 Kc6 40.
Kb4 Nc4 41. h4 Ne3 42. Nf2 h5 43. Kc3 Nf5 44. Nh1 Kc5 0-1

[Event "DLM 2007"]
[Site "Verden/Aller GER"]
[Date "2007.09.29"]
[Round "1"]
[White "Rozenfeld, Elisabeth"]
[Black "Ludwig, Maria"]
[Result "1-0"]
[Termination "normal"]
[Board "2.8"]
[WhiteElo "1491"]
[BlackElo "754"]
[WhiteTeam "Nordrhein-Westfalen"]
[BlackTeam "Hamburg"]
[PlyCount "59"]
[WhiteFideId "4624742"]
[BlackFideId "24655791"]
[EventCountry "GER"]
[EventRounds "7"]
[EventType "team-swiss"]
[EventDate "2007.09.28"]

1. e4 e5 2. Nf3 Nc6 3. d4 Nxd4 4. Nxe5 Qf6 5. Qxd4 Bd6 6. f4 Ne7 7. Be3 O-O 8.
Nc3 c5 9. Qc4 Bxe5 10. fxe5 Qxe5 11. Qxc5 Qe6 12. Bc4 d5 13. Bxd5 Nxd5 14. Qxd5
Qg4 15. O-O Be6 16. Qg5 Qxg5 17. Bxg5 Bg4 18. Nd5 Rfe8 19. Nc7 Be2 20. Rfe1
Rxe4 21. Nxa8 h5 22. Kf2 f5 23. Rxe2 f4 24. Rxe4 a5 25. Rd1 b5 26. Re7 Kh7 27.
Rdd7 Kg6 28. Rxg7+ Kf5 29. Rd5+ Kg4 30. Bf6# 1-0

[Event "DLM 2007"]
[Site "Verden/Aller GER"]
[Date "2007.09.29"]
[Round "1"]
[White "Nüsken, Nikolas"]
[Black "Geske, Julian"]
[Result "1-0"]
[Termination "normal"]
[Board "3.1"]
[WhiteElo "2350"]
[BlackElo "2212"]
[WhiteTeam "Niedersachsen I"]
[BlackTeam "Hessen"]
[PlyCount "105"]
[WhiteFideId "24605891"]
[BlackFideId "24605263"]
[EventCountry "GER"]
[EventRounds "7"]
[EventType "team-swiss"]
[EventDate "2007.09.28"]

1. d4 Nf6 2. Bg5 e6 3. e4 c5 4. d5 d6 5. Nc3 Be7 6. Bb5+ Bd7 7. Bxd7+ Nbxd7 8.
dxe6 fxe6 9. Nge2 O-O 10. O-O Nb6 11. a4 Ng4 12. Bf4 Bh4 13. g3 Bg5 14. Qxd6
Qf6 15. Bxg5 Qxg5 16. Qxe6+ Kh8 17. h3 Nf6 18. a5 Nbd7 19. f4 Qh5 20. Kg2 Rae8
21. Qf5 Qxf5 22. exf5 Nd5 23. Nxd5 Rxe2+ 24. Rf2 Rxf2+ 25. Kxf2 Rxf5 26. Re1 h5
27. Re8+ Kh7 28. Ne3 Rf7 29. Nc4 Nf6 30. Re5 Kg8 31. Kf3 Rc7 32. Ne3 Kf7 33.
Nc4 Rc6 34. Re2 Rc7 35. Nd6+ Kf8 36. Nc4 Kf7 37. Re5 Rc6 38. Rg5 Rc7 39. Nd6+
Kf8 40. Re5 Rc6 41. Ne4 Nxe4 42. Kxe4 g6 43. Kd5 Kf7 44. Kc4 b6 45. Kd5 Rf6 46.
axb6 axb6 47. h4 c4 48. Kxc4 Rc6+ 49. Kd3 Rd6+ 50. Ke3 Rd1 51. Rb5 Rc1 52. c3
Rg1 53. Kf2 1-0

[Event "DLM 2007"]
[Site "Verden/Aller GER"]
[Date "2007.09.29"]
[Round "1"]
[White "Fink, Leander"]
[Black "Lubbe, Nikolas"]
[Result "1/2-1/2"]
[Termination "normal"]
[Board "3.2"]
[WhiteElo "2095"]
[BlackElo "2263"]
[WhiteTeam "Hessen"]
[BlackTeam "Niedersachsen I"]
[PlyCount "60"]
[WhiteFideId "24605247"]
[BlackFideId "4694031"]
[EventCountry "GER"]
[EventRounds "7"]
[EventType "team-swiss"]
[EventDate "2007.09.28"]

1. e4 c5 2. Nf3 d6 3. c3 Nf6 4. Bd3 Nc6 5. O-O g6 6. Re1 Bg7 7. Bf1 O-O 8. a4
d5 9. e5 Ne8 10. d3 Bg4 11. Bf4 Qb6 12. Nbd2 Qxb2 13. Rb1 Qxc3 14. Rxb7 Rb8 15.
Qb1 Nc7 16. e6 Rxb7 17. exf7+ Rxf7 18. Qxb7 Rxf4 19. Qxc6 Bxf3 20. Nxf3 Rxf3
21. Rxe7 Rf8 22. Rxc7 Qd4 23. Qe6+ Kh8 24. Rf7 Rxf7 25. Qxf7 Qxa4 26. Qxd5 Bd4
27. Qf7 Bg7 28. Qd5 Qe8 29. Qxc5 Qd7 30. d4 h6 1/2-1/2

[Event "DLM 2007"]
[Site "Verden/Aller GER"]
[Date "2007.09.29"]
[Round "1"]
[White "Kaphle, Stephan"]
[Black "Sergin, Mark"]
[Result "1/2-1/2"]
[Termination "normal"]
[Board "3.3"]
[WhiteElo "2156"]
[BlackElo "2070"]
[WhiteTeam "Niedersachsen I"]
[BlackTeam "Hessen"]
[PlyCount "111"]
[WhiteFideId "24629103"]
[BlackFideId "24615307"]
[EventCountry "GER"]
[EventRounds "7"]
[EventType "team-swiss"]
[EventDate "2007.09.28"]

1. e4 c5 2. Nf3 e6 3. d4 cxd4 4. Nxd4 Nc6 5. Nc3 Qc7 6. Be3 a6 7. Bd3 Nf6 8.
O-O Ne5 9. Nf3 Nfg4 10. Nxe5 Nxe3 11. Qh5 g6 12. Qf3 Qxe5 13. fxe3 f6 14. Qxf6
Qxf6 15. Rxf6 Bg7 16. Rf3 b5 17. a4 b4 18. Ne2 Bb7 19. c3 bxc3 20. bxc3 Rc8 21.
Rb1 Rc7 22. Kf2 Ke7 23. Nd4 Be5 24. Ke2 g5 25. Kd2 g4 26. Rff1 Bxh2 27. Rh1 Be5
28. Rh5 Bg7 29. Rf1 h6 30. Rf4 Rhc8 31. Rxg4 Kf7 32. Rh3 Rg8 33. Rf3+ Ke7 34.
Rfg3 Bxd4 35. Rxg8 Bxc3+ 36. Ke2 Bf6 37. R8g6 Bg5 38. Rf3 Rc3 39. Rg8 Ra3 40.
Rb8 Bc6 41. Rb6 Ra2+ 42. Kf1 Rxa4 43. Rxa6 Rxa6 44. Bxa6 Bxe4 45. Rf2 d5 46.
Re2 Kd6 47. Kf2 Ke5 48. Bc8 Bf5 49. Ra2 Bd3 50. Ra4 Bc4 51. Kf3 Bd3 52. Rb4 Bg6
53. g4 Be4+ 54. Kf2 Bg6 55. Rb6 Bf7 56. Kf3 1/2-1/2

[Event "DLM 2007"]
[Site "Verden/Aller GER"]
[Date "2007.09.29"]
[Round "1"]
[White "Aslan, Benjamin"]
[Black "Seemann, Semjon"]
[Result "0-1"]
[Termination "normal"]
[Board "3.4"]
[WhiteElo "1965"]
[BlackElo "2010"]
[WhiteTeam "Hessen"]
[BlackTeam "Niedersachsen I"]
[PlyCount "100"]
[WhiteFideId "24640298"]
[BlackFideId "24624080"]
[EventCountry "GER"]
[EventRounds "7"]
[EventType "team-swiss"]
[EventDate "2007.09.28"]

1. d4 Nf6 2. c4 c5 3. d5 b5 4. cxb5 a6 5. b6 e6 6. Nc3 Nxd5 7. Nxd5 exd5 8.
Qxd5 Nc6 9. Nf3 Rb8 10. e4 Be7 11. Bc4 O-O 12. O-O Rxb6 13. Be3 Na5 14. Ne5
Nxc4 15. Nxc4 Bb7 16. Qd3 Re6 17. Rfd1 Bxe4 18. Qxd7 Qa8 19. Nb6 Rxb6 20. Qxe7
Re6 21. Qxc5 Bxg2 22. Bg5 Rfe8 23. Qc7 Bh1 24. f3 Qxf3 25. Qg3 h6 26. Rf1 Qb7
27. Bf6 g6 28. Bc3 Re3 29. Qf2 Re2 30. Rae1 Rxe1 31. Rxe1 Rxe1+ 32. Bxe1 Qd5
33. Bc3 f5 34. Qd2 Kf7 35. Qxd5+ Bxd5 36. a3 g5 37. Kf2 f4 38. b4 Kg6 39. a4
Bc6 40. a5 Kf5 41. h3 h5 42. Bd4 Ke4 43. Bc5 g4 44. hxg4 hxg4 45. Bd6 Kf5 46.
Bc5 g3+ 47. Kf1 f3 48. Bb6 Bb5+ 49. Kg1 Ke4 50. Bc5 Kd3 0-1